00348nam a2200121Ia 4500008004100000041000800041082001200049100001900061245005300080260005000133300001900183520002400202240719s9999 xx 000 0 und d aeng a828 HAB aHabard, Ron L. aKarya ki samasyain Scientology ka vyvharik upyog aNew DehlibDenmark:New Era Publicationsc2009 a183.; P. 22 cm aGifted By : New era